[Event "SVK-chT4 A22 1819"]
[Site "Slovakia"]
[Date "2019.03.03"]
[Round "10.5"]
[White "Kavuljak, Alojz"]
[Black "Vojtko, Patrik Jan"]
[Result "1-0"]
[WhiteElo "1664"]
[BlackElo "1093"]
[PlyCount "83"]
[EventDate "2018.10.14"]
[EventType "team-tourn"]
[EventRounds "11"]
[EventCountry "SVK"]
[SourceTitle "EXT 2020"]
[Source "ChessBase"]
[SourceDate "2019.10.17"]
[SourceVersion "1"]
[SourceVersionDate "2019.10.17"]
[SourceQuality "1"]

1. e4 e5 2. Nf3 Nc6 3. d4 d5 4. Nxe5 Nxe5 5. dxe5 c6 6. exd5 cxd5 7. Be2 Be6 8. 0-0 Bc5 9. Nc3 a6 10. Kh1 b5 11. a3 Ne7 12. f4 Qd7 13. Bf3 0-0 14. Ne2 Rad8 15. Nd4 Ng6 16. Bh5 Ne7 17. Be3 Nf5 18. Bf2 g6 19. Bf3 Rc8 20. c3 Nxd4 21. Bxd4 Bxd4 22. Qxd4 Rc4 23. Qd2 Rd8 24. Rad1 Bg4 25. h3 Bxf3 26. Rxf3 d4 27. Rd3 Qa7 28. cxd4 Rd5 29. b3 Rc6 30. Qe3 Rc2 31. R1d2 Qc7 32. Kh2 Rxd2 33. Qxd2 Qd7 34. Qe3 Kg7 35. Qe4 Kg8 36. g4 Kg7 37. f5 gxf5 38. gxf5 Kf8 39. f6 Ke8 40. Qxh7 Kd8 41. Qe4 Ke8 42. h4 1-0

[Event "SVK-chT4 A22 1819"]
[Site "Slovakia"]
[Date "2018.12.16"]
[Round "5.2"]
[White "Slezak, Rudolf"]
[Black "Kavuljak, Alojz"]
[Result "1/2-1/2"]
[WhiteElo "1677"]
[BlackElo "1669"]
[PlyCount "106"]
[EventDate "2018.10.14"]
[EventType "team-tourn"]
[EventRounds "11"]
[EventCountry "SVK"]
[SourceTitle "EXT 2020"]
[Source "ChessBase"]
[SourceDate "2019.10.17"]
[SourceVersion "1"]
[SourceVersionDate "2019.10.17"]
[SourceQuality "1"]

1. Nf3 d5 2. d4 Nc6 3. e3 Bf5 4. Bd3 Bxd3 5. Qxd3 e6 6. a3 Nf6 7. 0-0 Bd6 8. Bd2 0-0 9. Nc3 a6 10. Rfe1 Re8 11. e4 dxe4 12. Nxe4 Nxe4 13. Qxe4 e5 14. d5 Ne7 15. Rad1 Ng6 16. c4 Qd7 17. Nh4 Nxh4 18. Qxh4 f5 19. b4 b6 20. f3 f4 21. Re2 Qa4 22. Qe1 Qxa3 23. Bc3 Qb3 24. Re4 Qa4 25. Ra1 Qd7 26. Bxe5 Bxe5 27. Rxe5 Rxe5 28. Qxe5 Qd6 29. Qxd6 cxd6 30. g3 fxg3 31. hxg3 Kf7 32. Kf2 Kf6 33. Re1 Rd8 34. Re6+ Kf7 35. f4 a5 36. bxa5 bxa5 37. Ke3 Rd7 38. Kd4 g6 39. g4 h6 40. c5 dxc5+ 41. Kxc5 Ra7 42. f5 gxf5 43. gxf5 h5 44. Rh6 Kg7 45. Rxh5 a4 46. d6 a3 47. Rh1 a2 48. Ra1 Kf7 49. Kb6 Ra3 50. Kc7 Ra7+ 51. Kc8 Ke8 52. Rxa2 Rxa2 53. d7+ Kf7 1/2-1/2

[Event "SVK-chT4 A22 1718"]
[Site "Slovakia"]
[Date "2018.03.18"]
[Round "11.6"]
[White "Sido, Daniel"]
[Black "Kavuljak, Alojz"]
[Result "1/2-1/2"]
[WhiteElo "1604"]
[BlackElo "1653"]
[PlyCount "48"]
[EventDate "2017.10.01"]
[EventType "team-tourn"]
[EventRounds "11"]
[EventCountry "SVK"]
[SourceTitle "EXT 2020"]
[Source "ChessBase"]
[SourceDate "2019.10.17"]
[SourceVersion "1"]
[SourceVersionDate "2019.10.17"]
[SourceQuality "1"]

1. e4 d6 2. Nc3 g6 3. Bc4 Bg7 4. Nge2 e6 5. 0-0 Ne7 6. d3 0-0 7. a3 d5 8. Ba2 c6 9. Rb1 Na6 10. Qe1 Nc7 11. h3 Bd7 12. Bf4 e5 13. Bh2 d4 14. Nd1 Be6 15. b3 Qd7 16. f4 exf4 17. Nxf4 Rad8 18. Nxe6 Nxe6 19. b4 a6 20. Nf2 h5 21. Nd1 Nc8 22. Qh4 Qe7 23. Qe1 Nb6 24. Nb2 Bh6 1/2-1/2

[Event "SVK-chT4 A22 1718"]
[Site "Slovakia"]
[Date "2017.11.12"]
[Round "4.4"]
[White "Parak, Vladimir"]
[Black "Kavuljak, Alojz"]
[Result "0-1"]
[WhiteElo "1788"]
[BlackElo "1653"]
[PlyCount "38"]
[EventDate "2017.10.01"]
[EventType "team-tourn"]
[EventRounds "11"]
[EventCountry "SVK"]
[SourceTitle "EXT 2020"]
[Source "ChessBase"]
[SourceDate "2019.10.17"]
[SourceVersion "1"]
[SourceVersionDate "2019.10.17"]
[SourceQuality "1"]

1. d4 d6 2. c4 g6 3. Nc3 Bg7 4. e4 Nc6 5. Be3 e5 6. d5 Nce7 7. Bd3 f5 8. Bg5 f4 9. f3 h6 10. Bh4 a6 11. Nge2 g5 12. Bf2 Nf6 13. Qd2 Ng6 14. g3 Bh3 15. Rg1 Nd7 16. 0-0-0 Nc5 17. gxf4 Nxd3+ 18. Qxd3 Nxf4 19. c5 Nxd3+ 0-1

[Event "SVK-chT4 A22 1718"]
[Site "Slovakia"]
[Date "2017.10.29"]
[Round "3.3"]
[White "Kavuljak, Alojz"]
[Black "Hornik, Andrej"]
[Result "1-0"]
[WhiteElo "1653"]
[BlackElo "1764"]
[PlyCount "107"]
[EventDate "2017.10.01"]
[EventType "team-tourn"]
[EventRounds "11"]
[EventCountry "SVK"]
[SourceTitle "EXT 2020"]
[Source "ChessBase"]
[SourceDate "2019.10.17"]
[SourceVersion "1"]
[SourceVersionDate "2019.10.17"]
[SourceQuality "1"]

1. e4 e5 2. Nf3 Nc6 3. d4 exd4 4. Nxd4 Nxd4 5. Qxd4 d6 6. Nc3 Nf6 7. Be2 Be7 8. h3 0-0 9. 0-0 b6 10. Bf3 Bb7 11. Be3 Qc8 12. Qd2 Re8 13. Nd5 Nxd5 14. exd5 Bf6 15. c3 Qf5 16. Rad1 Re7 17. Rfe1 Rae8 18. Bg4 Qg6 19. c4 a5 20. b3 Be5 21. f4 f5 22. Bf3 Bf6 23. Bf2 Kf8 24. Rxe7 Rxe7 25. Re1 Qe8 26. Rxe7 Qxe7 27. Qe3 Ba6 28. Qxe7+ Kxe7 29. g4 Bc8 30. g5 Bc3 31. Kf1 Ba6 32. Ke2 a4 33. Kd3 axb3 34. Kxc3 bxa2 35. Kb2 Bxc4 36. Bd4 g6 37. Ka3 Kd7 38. Kb4 Bxd5 39. Bxd5 c5+ 40. Kb5 cxd4 41. Bxa2 d3 42. Bb3 Kc7 43. Kc4 d2 44. Kd3 d5 45. Kxd2 Kd6 46. Kd3 Ke7 47. Kd4 Kf8 48. Kxd5 h6 49. h4 hxg5 50. hxg5 Ke7 51. Ke5 b5 52. Kd5 b4 53. Ke5 Kf8 54. Kf6 1-0

[Event "SVK-chT4 A22 1718"]
[Site "Slovakia"]
[Date "2017.10.15"]
[Round "2.5"]
[White "Kavuljak, Alojz"]
[Black "Janas, Peter"]
[Result "1/2-1/2"]
[WhiteElo "1653"]
[BlackElo "1737"]
[PlyCount "67"]
[EventDate "2017.10.01"]
[EventType "team-tourn"]
[EventRounds "11"]
[EventCountry "SVK"]
[SourceTitle "EXT 2020"]
[Source "ChessBase"]
[SourceDate "2019.10.17"]
[SourceVersion "1"]
[SourceVersionDate "2019.10.17"]
[SourceQuality "1"]

1. e4 d5 2. exd5 Qxd5 3. Nc3 Qa5 4. d4 Nf6 5. Nf3 Bg4 6. Be2 e6 7. Bd2 Nbd7 8. a3 c6 9. h3 Bh5 10. Ne4 Qc7 11. Nxf6+ Nxf6 12. Ne5 Bxe2 13. Qxe2 Bd6 14. f4 0-0-0 15. 0-0-0 Rhf8 16. Rhf1 Nd5 17. g3 Rfe8 18. Qh5 g6 19. Qxh7 Rf8 20. Qg7 Qe7 21. Nc4 Bc7 22. Ne5 Qf6 23. Qxf6 Nxf6 24. Bb4 Bd6 25. Bxd6 Rxd6 26. c3 Rdd8 27. Rfe1 Nh5 28. Rg1 Kc7 29. Kc2 Kd6 30. Kd3 Ke7 31. Ke3 Rg8 32. g4 Nf6 33. Kf3 Nd5 34. Nd3 1/2-1/2

[Event "SVK-chT3A2 1617"]
[Site "Slovakia"]
[Date "2017.02.19"]
[Round "9.1"]
[White "Kavuljak, Alojz"]
[Black "Spacek, Marcel"]
[Result "0-1"]
[WhiteElo "1688"]
[BlackElo "1783"]
[PlyCount "72"]
[EventDate "2016.10.16"]
[EventType "team-tourn"]
[EventRounds "11"]
[EventCountry "SVK"]
[SourceTitle "EXT 2020"]
[Source "ChessBase"]
[SourceDate "2019.10.17"]
[SourceVersion "1"]
[SourceVersionDate "2019.10.17"]
[SourceQuality "1"]
[WhiteTeam "Cifer"]
[BlackTeam "Senica CVC"]
[WhiteTeamCountry "SVK"]
[BlackTeamCountry "SVK"]

1. d4 Nf6 2. Nc3 d5 3. Bf4 a6 4. e3 Bf5 5. Be2 e6 6. a3 c5 7. Nf3 Nc6 8. Ne5 Qa5 9. Nxc6 bxc6 10. 0-0 cxd4 11. exd4 Be7 12. h3 0-0 13. Bd3 Bxd3 14. Qxd3 c5 15. dxc5 Qxc5 16. Ne2 Rac8 17. c3 Qb6 18. Qd2 Ne4 19. Qc2 Bc5 20. Bg3 a5 21. b4 Nxg3 22. Nxg3 Bd4 23. Ne2 Bf6 24. Qd2 h6 25. Rac1 Bg5 26. Nf4 Rc4 27. g3 Qd6 28. Rfd1 Bxf4 29. gxf4 Rxf4 30. c4 axb4 31. axb4 Qe5 32. cxd5 Qg5+ 33. Kh2 Qf5 34. Rf1 Rf3 35. Rce1 Rxh3+ 36. Kg2 Qf3+ 0-1

[Event "SVK-chT4 A22 1617"]
[Site "Slovakia"]
[Date "2017.02.12"]
[Round "9.6"]
[White "Kavuljak, Alojz"]
[Black "Puskar, David"]
[Result "0-1"]
[WhiteElo "1662"]
[BlackElo "1755"]
[PlyCount "76"]
[EventDate "2016.10.09"]
[EventType "team-tourn"]
[EventRounds "11"]
[EventCountry "SVK"]
[SourceTitle "EXT 2020"]
[Source "ChessBase"]
[SourceDate "2019.10.17"]
[SourceVersion "1"]
[SourceVersionDate "2019.10.17"]
[SourceQuality "1"]

1. d4 Nf6 2. Nc3 d5 3. Bf4 c6 4. e3 Bf5 5. Bd3 Bxd3 6. Qxd3 Nbd7 7. Nf3 Nh5 8. Bg3 Nxg3 9. hxg3 g6 10. Ng5 h6 11. Nf3 Bg7 12. Ne2 Qc7 13. Nf4 e5 14. Nxe5 Nxe5 15. dxe5 Bxe5 16. Qb3 0-0-0 17. Nd3 Bg7 18. 0-0-0 Rhe8 19. Rh4 d4 20. exd4 Bf6 21. Rhh1 Rxd4 22. Rhe1 Red8 23. f4 R4d5 24. Re4 Qd7 25. Rde1 h5 26. Ra4 Rb5 27. Rb4 Rd5 28. Ra4 Kb8 29. Rb4 a5 30. Rbe4 Rb5 31. Qc4 Bxb2+ 32. Kd2 Ba3 33. Ke2 Bb4 34. Rd1 Rc5 35. Qb3 Rc3 36. Qb1 Qg4+ 37. Kf1 Bc5 38. Qb2 Qxd1+ 0-1

[Event "SVK-chT3A2 1617"]
[Site "Slovakia"]
[Date "2017.01.08"]
[Round "6.5"]
[White "Manak, Adrian"]
[Black "Kavuljak, Alojz"]
[Result "1-0"]
[WhiteElo "1934"]
[BlackElo "1688"]
[PlyCount "59"]
[EventDate "2016.10.16"]
[EventType "team-tourn"]
[EventRounds "11"]
[EventCountry "SVK"]
[SourceTitle "EXT 2020"]
[Source "ChessBase"]
[SourceDate "2019.10.17"]
[SourceVersion "1"]
[SourceVersionDate "2019.10.17"]
[SourceQuality "1"]
[WhiteTeam "Piestany Kupele"]
[BlackTeam "Cifer"]
[WhiteTeamCountry "SVK"]
[BlackTeamCountry "SVK"]

1. e4 g6 2. d4 Bg7 3. Nc3 d6 4. f4 Nd7 5. Nf3 e6 6. Be3 Ne7 7. Qd2 a6 8. 0-0-0 Nb6 9. g4 Bd7 10. h4 Na4 11. h5 Nxc3 12. Qxc3 Bc6 13. h6 Bxh6 14. d5 exd5 15. Qxh8+ Bf8 16. exd5 Nxd5 17. Bg2 Qd7 18. Ne5 Qe6 19. Nxc6 Qxe3+ 20. Kb1 Nxf4 21. Rhe1 Ne2 22. Nd4 0-0-0 23. Rxe2 Qg5 24. Nf3 Qb5 25. Rde1 d5 26. Nd4 Qd7 27. g5 Bb4 28. Re8 Bxe1 29. Rxd8+ Qxd8 30. Bh3+ 1-0

[Event "SVK-chT4 A22 1516"]
[Site "Slovakia"]
[Date "2016.02.07"]
[Round "8.3"]
[White "Kavuljak, Alojz"]
[Black "Magyarics, Tamas"]
[Result "1-0"]
[WhiteElo "1705"]
[BlackElo "1413"]
[PlyCount "71"]
[EventDate "2015.10.04"]
[EventType "team-tourn"]
[EventRounds "11"]
[EventCountry "SVK"]
[SourceTitle "EXT 2020"]
[Source "ChessBase"]
[SourceDate "2019.10.17"]
[SourceVersion "1"]
[SourceVersionDate "2019.10.17"]
[SourceQuality "1"]

1. e4 e5 2. Nf3 Nc6 3. d4 exd4 4. Nxd4 Nxd4 5. Qxd4 d6 6. Be2 Be6 7. Nc3 Nf6 8. Be3 c5 9. Qd2 Be7 10. 0-0 0-0 11. f4 Bg4 12. Rad1 Bxe2 13. Nxe2 Nxe4 14. Qd5 Nf6 15. Qxb7 Qd7 16. Qa6 Ne4 17. Qd3 f5 18. Nc3 Nxc3 19. Qxc3 Bf6 20. Qa3 Qc7 21. b3 Qc6 22. Qc1 Rfe8 23. Rd3 Rxe3 24. Rxe3 Bd4 25. Kh1 Bxe3 26. Qxe3 Re8 27. Qd3 g6 28. h3 d5 29. c3 Re4 30. Rd1 d4 31. Qc4+ Kg7 32. cxd4 Qd6 33. Qxc5 Qxc5 34. dxc5 Re8 35. Rd7+ Kf6 36. Rxa7 1-0

[Event "SVK-chT4 A22 1516"]
[Site "Slovakia"]
[Date "2015.10.18"]
[Round "2.2"]
[White "Arpa, Zoltan"]
[Black "Kavuljak, Alojz"]
[Result "1-0"]
[WhiteElo "1884"]
[BlackElo "1751"]
[PlyCount "78"]
[EventDate "2015.10.04"]
[EventType "team-tourn"]
[EventRounds "11"]
[EventCountry "SVK"]
[SourceTitle "EXT 2020"]
[Source "ChessBase"]
[SourceDate "2019.10.17"]
[SourceVersion "1"]
[SourceVersionDate "2019.10.17"]
[SourceQuality "1"]

1. d4 g6 2. e4 Bg7 3. c3 d6 4. Nf3 Nc6 5. Bb5 Bd7 6. 0-0 a6 7. Ba4 e5 8. d5 Nce7 9. Bxd7+ Qxd7 10. c4 h6 11. Nc3 f5 12. Qc2 f4 13. b4 b6 14. a4 g5 15. Qe2 Ng6 16. Ne1 g4 17. f3 h5 18. Ba3 Nf6 19. c5 Bh6 20. Qf2 Rb8 21. cxd6 cxd6 22. b5 a5 23. Nd3 h4 24. fxg4 Nxg4 25. Qf3 Ke7 26. Rfc1 h3 27. Nd1 Nh4 28. Qxh3 Bg5 29. Rc6 Nf3+ 30. Qxf3 Nxh2 31. Qf2 Ke8 32. Bxd6 Rb7 33. Nxe5 Qh7 34. Rc8+ Bd8 35. Qxf4 Ng4 36. Qxg4 Qh2+ 37. Kf2 Qh4+ 38. Qxh4 Rxh4 39. Ne3 Rhh7 1-0

[Event "SVK-chT4 A22 1415"]
[Site "Slovakia"]
[Date "2015.01.18"]
[Round "7.6"]
[White "Petras, Stefan"]
[Black "Kavuljak, Alojz"]
[Result "0-1"]
[WhiteElo "1795"]
[BlackElo "1645"]
[PlyCount "82"]
[EventDate "2014.10.12"]
[EventType "team-tourn"]
[EventRounds "11"]
[EventCountry "SVK"]
[SourceTitle "EXT 2019"]
[Source "ChessBase"]
[SourceDate "2018.10.10"]
[SourceVersion "1"]
[SourceVersionDate "2018.10.10"]
[SourceQuality "1"]

1. e4 g6 2. d4 Bg7 3. Nf3 d6 4. Bc4 Bg4 5. Bxf7+ Kf8 6. Bb3 Nc6 7. h3 Bxf3 8. Qxf3+ Nf6 9. c3 e5 10. Be3 Na5 11. Nd2 Nxb3 12. Nxb3 Kf7 13. Rd1 Qe7 14. 0-0 b6 15. Bg5 h6 16. Bxf6 Bxf6 17. d5 Rhf8 18. Rd3 Ke8 19. Qg4 Kf7 20. f4 h5 21. Qe2 Kg7 22. f5 g5 23. Nd2 Kf7 24. Rg3 Rg8 25. Nc4 Qe8 26. Na3 Qa4 27. Qc4 Qxc4 28. Nxc4 Rg7 29. Ne3 Rag8 30. Rff3 g4 31. Rf1 Bh4 32. Nxg4 hxg4 33. Rxg4 Rxg4 34. hxg4 Rxg4 35. Rf3 Kf6 36. Re3 Bg5 37. Re2 Bf4 38. Kf1 Kg5 39. Kg1 Rg3 40. Kh1 Rd3 41. Kg1 Bg3 0-1

[Event "SVK-chT4 A22 1415"]
[Site "Slovakia"]
[Date "2015.01.04"]
[Round "6.1"]
[White "Csefalvay, Stefan"]
[Black "Kavuljak, Alojz"]
[Result "1-0"]
[WhiteElo "1831"]
[BlackElo "1645"]
[PlyCount "95"]
[EventDate "2014.10.12"]
[EventType "team-tourn"]
[EventRounds "11"]
[EventCountry "SVK"]
[SourceTitle "EXT 2019"]
[Source "ChessBase"]
[SourceDate "2018.10.10"]
[SourceVersion "1"]
[SourceVersionDate "2018.10.10"]
[SourceQuality "1"]

1. d4 g6 2. Nf3 Bg7 3. Bf4 d6 4. e3 Nf6 5. h3 0-0 6. Nbd2 a6 7. Bc4 b5 8. Bb3 Bb7 9. 0-0 Nbd7 10. c3 c5 11. a3 c4 12. Bc2 Nh5 13. Bh2 e5 14. g4 Nhf6 15. dxe5 dxe5 16. Bxe5 Nc5 17. Bd4 Qe7 18. Qe2 Ne6 19. Rfe1 Rfe8 20. Rad1 Nf4 21. Qf1 Ne6 22. g5 Nd7 23. h4 f6 24. gxf6 Bxf6 25. Qh3 Nec5 26. e4 Ne5 27. Bxe5 Bxe5 28. Nxe5 Qxe5 29. Qe3 Qh5 30. Qg5 Re5 31. Qg3 Rf8 32. f4 Re7 33. Re3 Nxe4 34. Nxe4 Bxe4 35. Rde1 Qc5 36. Kh2 Rfe8 37. Rxe4 Rxe4 38. Rxe4 Rd8 39. Qg2 Qh5 40. f5 Qh6 41. fxg6 Rd2 42. gxh7+ Kf7 43. Re2 Qxh4+ 44. Kg1 Rxe2 45. Qxe2 Qg5+ 46. Kf1 Qc1+ 47. Kf2 Qf4+ 48. Qf3 1-0

[Event "SVK-chT4 A22 1415"]
[Site "Slovakia"]
[Date "2014.10.12"]
[Round "1.4"]
[White "Kavuljak, Alojz"]
[Black "Kincel, Frantisek"]
[Result "0-1"]
[WhiteElo "1645"]
[BlackElo "1852"]
[PlyCount "122"]
[EventDate "2014.10.12"]
[EventType "team-tourn"]
[EventRounds "11"]
[EventCountry "SVK"]
[SourceTitle "EXT 2019"]
[Source "ChessBase"]
[SourceDate "2018.10.10"]
[SourceVersion "1"]
[SourceVersionDate "2018.10.10"]
[SourceQuality "1"]

1. e4 e5 2. Nf3 Nf6 3. Nxe5 d6 4. Nf3 Nxe4 5. d4 d5 6. Be2 Bf5 7. Nbd2 Bd6 8. Nxe4 dxe4 9. Ne5 Nd7 10. Nc4 Be7 11. Ne3 Bg6 12. Bh5 Nf6 13. Bxg6 hxg6 14. b3 Qd7 15. Bb2 Bb4+ 16. c3 Bd6 17. h3 0-0-0 18. Qd2 Bf4 19. 0-0-0 Nd5 20. Rhe1 Qe6 21. Kb1 f5 22. Qc2 Nxe3 23. fxe3 Bg5 24. c4 Qd6 25. d5 Rd7 26. Bd4 a6 27. Qb2 Bf6 28. Rd2 Rf8 29. Red1 g5 30. Qc3 Qe7 31. c5 Bxd4 32. Rxd4 Qf6 33. c6 Rxd5 34. cxb7+ Kxb7 35. Rb4+ Rb5 36. Qc5 Rxb4 37. Qxb4+ Kc8 38. Qc5 Rf7 39. Qa7 Qc6 40. Rc1 Qb7 41. Qd4 Rd7 42. Qe5 Qb5 43. Qe8+ Kb7 44. Qe6 Qd3+ 45. Kb2 Qb5 46. Kb1 Rd2 47. Qf7 Qe5 48. Rc2 Rd1+ 49. Rc1 Rxc1+ 50. Kxc1 Qa1+ 51. Kc2 Qxa2+ 52. Kc3 Qa1+ 53. Kc4 Qe5 54. Qf8 f4 55. exf4 gxf4 56. h4 e3 57. Qb4+ Qb5+ 58. Qxb5+ axb5+ 59. Kd3 c5 60. g3 fxg3 61. Kxe3 c4 0-1

[Event "Bratislava Slovan op"]
[Site "Bratislava"]
[Date "2014.04.29"]
[Round "5"]
[White "Kavuljak, Alojz"]
[Black "Paulicka, Ivan"]
[Result "1/2-1/2"]
[WhiteElo "1392"]
[BlackElo "1763"]
[PlyCount "131"]
[EventDate "2014.04.26"]
[EventType "swiss"]
[EventRounds "9"]
[EventCountry "SVK"]
[SourceTitle "CBM 160 Extra"]
[Source "ChessBase"]
[SourceDate "2014.07.01"]
[SourceVersion "1"]
[SourceVersionDate "2014.07.01"]
[SourceQuality "1"]

1. e4 e5 2. Nf3 Nc6 3. d4 exd4 4. Nxd4 Bc5 5. Be3 Qf6 6. c3 a6 7. Nc2 Be7 8. Bd3 d6 9. Nd2 Ne5 10. Be2 Bd7 11. Nd4 c5 12. N4f3 b5 13. Nxe5 dxe5 14. Nf3 Rd8 15. Qd5 Bc6 16. Qxe5 Qxe5 17. Nxe5 Bxe4 18. f3 Bb7 19. Kf2 Rd5 20. f4 Rd8 21. Rhd1 c4 22. Bb6 Rxd1 23. Rxd1 Nf6 24. Bf3 Bxf3 25. Kxf3 0-0 26. Nd7 Re8 27. Nxf6+ Bxf6 28. Ba5 h6 29. Rd6 Ra8 30. b3 cxb3 31. axb3 Rc8 32. Rd3 Rc6 33. g4 Kh7 34. h3 g6 35. Ke4 Be7 36. Kd5 Rd6+ 37. Ke4 Re6+ 38. Kd5 Rd6+ 39. Ke4 Rc6 40. Kd5 Rc5+ 41. Ke4 Rc8 42. Kd5 Kg7 43. Ke4 Re8 44. Kd5 Rc8 45. Ke4 Kf6 46. Rd5 Rc5 47. Rxc5 Bxc5 48. Kd5 Be3 49. Bc7 Bd2 50. c4 bxc4 51. bxc4 a5 52. Be5+ Ke7 53. c5 f6 54. Bd6+ Kd7 55. c6+ Kc8 56. Ke6 Bc3 57. Kd5 Bb4 58. Bxb4 axb4 59. Kc4 Kc7 60. Kxb4 Kxc6 61. Kc4 g5 62. Kd4 Kd6 63. Ke4 Ke6 64. f5+ Kd6 65. Kd4 Kc6 66. Kc4 1/2-1/2

[Event "Bratislava Slovan op"]
[Site "Bratislava"]
[Date "2014.04.27"]
[Round "2"]
[White "Kavuljak, Alojz"]
[Black "Vrtiakova, Anna"]
[Result "0-1"]
[WhiteElo "1392"]
[BlackElo "1767"]
[PlyCount "140"]
[EventDate "2014.04.26"]
[EventType "swiss"]
[EventRounds "9"]
[EventCountry "SVK"]
[SourceTitle "CBM 160 Extra"]
[Source "ChessBase"]
[SourceDate "2014.07.01"]
[SourceVersion "1"]
[SourceVersionDate "2014.07.01"]
[SourceQuality "1"]

1. e4 c5 2. Nf3 d6 3. d4 cxd4 4. Nxd4 Nf6 5. Nc3 a6 6. Be3 e5 7. Nb3 Be6 8. h3 Be7 9. Bd3 Qc7 10. 0-0 0-0 11. f4 exf4 12. Bxf4 Nbd7 13. Qd2 b5 14. Nd4 Nc5 15. Nxe6 fxe6 16. b4 Ncd7 17. Ne2 Nb6 18. Nd4 Qd7 19. e5 dxe5 20. Bxe5 Qd5 21. Nf3 Rac8 22. a3 Rfd8 23. Qg5 Nc4 24. Rad1 Nxe5 25. Nxe5 Qd4+ 26. Kh1 Ne4 27. Qf4 Bd6 28. Bxe4 Qxe5 29. Qxe5 Bxe5 30. Rxd8+ Rxd8 31. Bd3 Bb2 32. Rf3 Bxa3 33. Bxh7+ Kxh7 34. Rxa3 Rd6 35. Re3 Kg6 36. Kh2 Kf5 37. Kg3 e5 38. Kf2 Rd2+ 39. Re2 Rd4 40. c3 Rd6 41. Kf3 Rd3+ 42. Re3 e4+ 43. Ke2 Rd6 44. Kf2 Rd2+ 45. Re2 Rxe2+ 46. Kxe2 Kf4 47. h4 g6 48. Kf2 Kg4 49. Ke3 Kxh4 50. Kxe4 Kg3 51. Kd5 Kxg2 52. Kc6 Kf2 53. Kb6 g5 54. Kxa6 g4 55. Kxb5 g3 56. c4 g2 57. c5 g1Q 58. Kb6 Kf3 59. b5 Ke4 60. Kc6 Qg6+ 61. Kb7 Qg7+ 62. Kb6 Qd4 63. Kc6 Qd5+ 64. Kb6 Ke5 65. c6 Kd6 66. c7 Qc5+ 67. Kb7 Qxc7+ 68. Ka8 Qc8+ 69. Ka7 Kc7 70. b6+ Kc6 0-1